000 01443cab a22002655a 4500
001 L139727
008 070807e20070804xxk f 000 0 eng d
035 _a(Sirsi) u139727
041 0 _aeng
100 1 _aHumphrys, Emma
245 0 0 _aShedding some light
260 _c2007
490 _aEstates Gazette
_v(0731) 4 August 2007, 76-77(2)
520 _aMainly for Students article warns that right to light issues should be considered carefully before embarking on a development project. Rights to light can be either granted or reserved expressly. The right to light, once acquired, is an easement. Surveyors usually apply the 50:50 rule, which provides that there is actionable interference where less than half of the room is lit. Developers often proceed even if there is a potential right to light claim. They may be ready to pay damages if required, but Regan V Paul Properties shows that an injunction is possible and can prove more costly.
590 _aKA
650 2 4 _aREGAN V PAUL PROPERTIES LTD AND OTHERS
650 2 4 _aPRESCRIPTION ACT 1832
650 2 4 _aRIGHTS OF LIGHT ACT 1959
650 2 4 _aTAMARES (VINCENT SQUARE) LTD V FAIRPOINT PROPERTIES (VINCENT SQUARE) LTD
650 2 4 _aMIDTOWN LTD V CITY OF LONDON REAL PROPERTY CO LTD
651 4 _aEngland and Wales
_y1543-
690 _aPROPERTY-PROPERTY MANAGEMENT-EASEMENTS-RIGHTS TO LIGHT DETERMINATION-RIGHTS TO LIGHT
700 1 _aFrancis, Andrew
942 _n0
999 _c79072
_d79072